Ciencia de los alimentos, nutrición y salud

Bibliographic Details
Main Authors: Fox, Brian A., Cameron, Allan G
Format: Section = Libro
Language:Undetermined
Spanish
Published: México Limusa 2009
Subjects:
LEADER 00695nam a2200253Ia 4500
008 240830s9999 xx 000 0 und d
020 |a 968-18-4257-X 
040 |a CEDOC FIQ-RUSB / 664 F791 
041 |a spa 
082 |a 664 F791 
100 1 |a Fox, Brian A. 
100 1 |b Cameron, Allan G 
245 1 0 |a Ciencia de los alimentos, nutrición y salud 
260 |a México  |b Limusa  |c 2009 
300 |a 457 p. : il 
650 7 |a TECNOLOGIA DE ALIMENTOS 
650 7 |b  ENZIMAS 
650 7 |c  CARBOHIDRATOS 
650 7 |d  AMINOACIDOS Y PROTEINAS 
650 7 |e  CONSERVACION DE LOS ALIMENTOS 
650 7 |f  CONTAMINANTES Y ADITIVOS - ALIMENTOSI 
942 |c BK  |2 ddc 
991 |a TEXTO 
999 |c 14126